[Event "Stay Safe Play From Home 298"]
[Site "Emanuel Lasker Arena"]
[Date "2020.07.13"]
[Round "1"]
[White "AChessPlayer"]
[Black "Buzaglo"]
[Result "1-0"]
[WhiteElo "2439"]
[BlackElo "1828"]
[Annotator "TA"]
[PlyCount "117"]
[EventDate "2020.07.13"]
[EventType "swiss (blitz)"]

{[%evp 9,116,-5,10,13,16,7,7,0,3,0,0,0,17,16,14,14,16,16,26,12,0,-29,0,0,41,35,40,41,47,31,43,28,41,50,45,12,47,44,50,47,49,50,58,46,371,55,70,64,98,62,126,131,129,108,236,78,165,166,389,385,1202,387,1149,849,1066,1018,1050,820,1848,1850,5297,4764,29983,29984,29986,29987,29987,29988,29988,29989,29989,29990,29990,29991,29991,29991,29994,29991,29992,29993,29993,29993,29996,29995,29996,29997,29998,29998,29998,29997,29997,29996,29996,29997,29997,29998,29998,29998,29999]} 1. e4 e6 2. d4 d5 3. exd5 exd5 4. Bd3 Nf6 5. Bf4 Bb4+ 6. c3 {C01: French: Exchange Variation.} Bd6 {[#]} 7. Qe2+ $146 ({Predecessor:} 7. Bxd6 Qxd6 8. Nf3 O-O 9. O-O Bg4 10. Nbd2 Nc6 11. Qc2 a6 12. a4 a5 13. Rae1 {1-0 (32) Legostaev,A (1789)-Drozdov,A Perm 2007}) 7... Be6 8. Bxd6 {The position is equal.} Qxd6 9. Nd2 O-O 10. Ngf3 c5 11. dxc5 Qxc5 12. Nb3 Qb6 13. O-O Nc6 14. Nfd4 Rfe8 15. Rfe1 Bd7 16. Qd2 Nxd4 (16... Ne5 {keeps more tension.} 17. Qc2 a5 18. Bf1 Rac8 19. a4 Ne4) 17. Nxd4 Bc6 18. Qc2 h6 19. a4 Rad8 20. b4 a6 21. a5 Qc7 22. h3 Rf8 23. Re3 Rde8 24. Rae1 Rxe3 25. Rxe3 Re8 26. Qd2 Re7 $2 {[%mdl 8192] [#]} (26... Ne4 $14 27. Qe1 Nf6) 27. Be2 $2 (27. Rxe7 $18 Qxe7 28. Nxc6 bxc6 29. Bxa6) 27... Rxe3 28. Qxe3 ({Of course not} 28. fxe3 Ne4 $17) 28... Qd7 29. Bf3 (29. Qe5 {is interesting.} Ba4 30. f4 Kf8 31. Bf3 Bc6 32. Kf2) 29... Qe8 (29... Qc8 $14) 30. Qxe8+ $16 Bxe8 {[%mdl 4096] Endgame KBN-KBN} 31. Nf5 Bd7 (31... Kf8 $16) 32. Ne3 $2 (32. Ne7+ $18 Kf8 33. Nxd5 Nxd5 34. Bxd5) 32... Be6 (32... Bc6 $16) 33. Kf1 $18 d4 $2 (33... Ne4 {is a better defense.}) 34. cxd4 Bc4+ $2 (34... Bc8 35. Nc4 Bd7) 35. Ke1 $2 (35. Nxc4 Nd7 36. Bxb7) 35... b5 $2 (35... Bb5 36. Bxb7 Ne8) 36. Nxc4 bxc4 {KB-KN} 37. Kd2 Nd7 38. Kc3 Nf6 39. Kxc4 g5 40. b5 g4 41. hxg4 {White mates.} axb5+ 42. Kxb5 Nd7 43. a6 Nf8 44. a7 Kg7 45. a8=Q Ne6 46. Qe4 Nc7+ 47. Kb4 Ne8 48. d5 Nf6 {[#]} 49. Qe5 $1 Kg6 50. Be4+ Kg7 51. Bf5 Kf8 52. Qxf6 Ke8 53. Qxh6 Kd8 54. g5 Kc7 55. g6 f6 56. g7 Kb6 57. g8=Q Kc7 58. Qgg7+ Kb6 59. Qhxf6# {Accuracy: White = 71%, Black = 38%.} 1-0

[Event "Stay Safe Play From Home 298"]
[Site "Emanuel Lasker Arena"]
[Date "2020.07.13"]
[Round "1"]
[White "Toosieslide"]
[Black "NeatFox"]
[Result "1-0"]
[WhiteElo "2184"]
[BlackElo "1853"]
[Annotator "TA"]
[PlyCount "91"]
[EventDate "2020.07.13"]
[EventType "swiss (blitz)"]

{[%evp 15,90,-31,-40,-52,29,31,38,52,108,39,30,19,152,47,79,74,149,125,98,102,106,90,107,95,217,194,179,172,172,153,291,0,187,195,216,192,193,168,168,168,176,154,163,133,161,137,210,157,160,168,466,165,547,547,545,542,520,520,29983,29984,29991,29992,29992,29993,29994,29995,29995,29996,29997,29997,29997,29998,29998,29999,29999,29999,29999]} 1. d4 c6 2. c4 d5 3. Nc3 dxc4 4. Nf3 Nf6 5. a4 g6 6. g3 Bg7 7. Bg2 O-O 8. O-O Nd5 9. Ne5 {[#] D78: Fianchetto Grünfeld: 6 0-0 c6.} Nd7 $146 (9... Nxc3 $15 10. bxc3 Qa5) ({Predecessor:} 9... Nxc3 10. bxc3 Be6 11. Rb1 Nd7 12. f4 Nxe5 13. fxe5 Qd7 14. e4 Bg4 15. Qc2 c5 16. Be3 Rac8 {0-1 (32) Cori,J (2486)-Poobalasingam,P (2326) Paris 2010}) 10. Nxc4 $11 Nxc3 11. bxc3 {White is slightly better.} Nf6 ({Black should try} 11... Nb6 $14 12. Ne3 Be6) 12. Ne5 (12. e4 $16) 12... Nd5 13. Qb3 Rb8 {[#]} (13... Qa5 $11) 14. Rd1 ({Better is} 14. Nxc6 $1 $16 {[%mdl 512]} bxc6 15. Qxb8) 14... Be6 {Threatens to win with ...Ne3!} 15. c4 Nb6 (15... Qb6 $142 16. Qa3 Nf6) 16. a5 Nd7 17. Nxd7 Qxd7 18. Be3 Rfc8 19. Rac1 Qe8 (19... b5 $16) 20. d5 cxd5 21. cxd5 Bd7 {Threatening ...Ba4.} 22. Bxa7 Ra8 (22... Ba4 $16 23. Qb6 Bxd1 24. Rxd1 Ra8) 23. Bb6 $2 ({White should play} 23. Qxb7 $18 Rd8 24. d6 exd6 25. a6) 23... Rxc1 $2 (23... Ba4 $11 24. Qd3 Bxd1 25. Rxd1 Qd7) 24. Rxc1 $18 Rc8 25. Qb1 Rxc1+ 26. Qxc1 {And now d6! would win.} Qc8 27. Qxc8+ Bxc8 {[%mdl 4096] Endgame KBB-KBB} 28. e4 Bc3 29. Bf1 Bd7 30. Bc4 Ba4 (30... g5 $16 31. f4 gxf4) 31. Kf1 Bc2 32. f3 {d6! is the strong threat.} Bd1 $2 {[#]} (32... Ba4 33. Ke2 h5) 33. Kg2 $2 (33. d6 $1 {[%mdl 512]} exd6 34. Bd5) 33... Be1 $2 {[#]} (33... Ba4 34. f4 Kf8) 34. d6 $1 {[%mdl 512]} exd6 35. Bd5 Kf8 36. Bxb7 {Hoping for a6.} Ke7 (36... Be2 $18 37. a6 Bxa6) 37. a6 {White mates.} Be2 38. a7 Bxf3+ 39. Kxf3 f5 40. a8=Q fxe4+ 41. Kxe4 Ke6 42. Qe8+ Kf6 43. Bd4+ Kg5 {[#]} 44. Qe7+ $1 {[%mdl 64] Double Attack} Kh6 45. Bg7+ Kh5 46. Qh4# {Accuracy: White = 65%, Black = 35%.} 1-0

[Event "Stay Safe Play From Home 298"]
[Site "Emanuel Lasker Arena"]
[Date "2020.07.13"]
[Round "1"]
[White "Lazieri3"]
[Black "Haxhi Baha"]
[Result "0-1"]
[WhiteElo "2057"]
[BlackElo "1984"]
[Annotator "TA"]
[PlyCount "124"]
[EventDate "2020.07.13"]
[EventType "swiss (blitz)"]

{[%evp 9,123,4,0,-11,-16,-22,0,0,73,43,50,38,31,-7,-5,-8,0,0,17,16,297,-116,-120,-124,-115,-119,-120,-139,-129,-144,-135,-137,-138,-145,-106,-117,-104,-108,-109,-156,-104,-112,-64,-99,-82,-103,-90,-103,-103,-106,-65,-83,-72,-72,-72,-152,-163,-164,-135,-135,-128,-120,-109,-201,-193,-169,-177,-191,-106,-184,-106,-106,0,-8,0,2,725,681,756,0,591,561,398,447,1545,662,637,637,591,-62,-62,-29955,-62,-29962,-12798,-29956,-29951,-29980,-29980,-29990,-29991,-29991,-29991,-29991,-29992,-29992,-29992,-29995,-29996,-29996,-29994,-29997,-29998,-29998,-29999,-29999]} 1. e4 e6 2. d4 d5 3. exd5 exd5 4. c3 Nf6 5. Nf3 Bd6 6. Be3 {C01: French: Exchange Variation.} O-O 7. Be2 {[#]} Ng4 $146 ({Predecessor:} 7... Bf5 8. Bd3 Qd7 9. Bc2 Re8 10. Ba4 c6 11. O-O Qc7 12. h3 Nbd7 13. Bc2 Ne4 {0-1 (29) Quilez Marin,G (1371)-Aparicio Escudero,H (1774) Barcelona 2019}) 8. Bg5 {The position is equal.} Qd7 (8... Nf6 $11 {keeps the balance.}) 9. O-O (9. h3 $5 {[%cal Rh3g4]}) 9... h6 10. Bh4 $1 Re8 11. Bg3 Bxg3 12. hxg3 c6 13. Nbd2 Qf5 14. Nb3 Nd7 $2 {[%mdl 8192]} (14... Qh5 $11) 15. Ne5 $2 ({White must play} 15. Nh4 $18 Nxf2 16. Nxf5 Nxd1 17. Bxd1) 15... Ndxe5 16. dxe5 Nxe5 17. Nd4 Qg6 18. Bf3 Bd7 19. Re1 Re7 20. Qc2 Rae8 21. Qxg6 Nxg6 22. Rxe7 Rxe7 23. a4 Ne5 24. a5 a6 (24... c5 $142 25. Nb3 Nxf3+ 26. gxf3 b6 27. axb6 axb6 28. Ra8+ Re8 29. Rxe8+ Bxe8) 25. b4 $17 Nd3 26. Nb3 g6 27. Rd1 Ne5 28. Nc5 Bc8 29. Kf1 f5 30. Nd3 Kf7 (30... Nxd3 {with more complications.} 31. Rxd3 Kf7 32. Be2 Ke6 33. f4 Kd6) 31. Nxe5+ Rxe5 32. Re1 (32. Be2 $142) 32... Rxe1+ 33. Kxe1 {[%mdl 4096] Endgame KB-KB} Kf6 34. Kd2 g5 35. Ke3 Ke5 $1 36. Be2 (36. Kd3 $17) 36... f4+ $1 $19 37. gxf4+ gxf4+ 38. Kd3 Bf5+ $1 39. Kd2 {[#]} Be4 (39... Kd6 $1 $19 40. g3 fxg3 41. fxg3 c5) 40. g3 $17 f3 (40... Kf5 $17 41. Bd1 Kg5) 41. Bf1 h5 42. Ke3 Kf5 $2 {[%mdl 8192]} (42... Bf5 $11) 43. Bh3+ $18 Kg5 44. Bf1 $2 ({White should play} 44. Bc8 $18 Bc2 45. Bxb7 {[%mdl 64] Double Attack}) 44... h4 $2 {[%mdl 8192]} (44... Kf5 $11 {and Black has nothing to worry.}) 45. gxh4+ Kxh4 {If only Black now had time for ...Kg4....} 46. c4 Kg5 (46... Kg4 $142 47. Kd4 Bc2) 47. cxd5 (47. Bh3 $142 Kf6 48. Kd4) 47... cxd5 48. Bh3 {Threatens to win with Bc8.} Kf6 {With the idea ...Ke5.} 49. Bc8 $2 (49. Kd4 $18 {Black must now prevent Bc8.} Bf5 50. Bxf5 Kxf5 51. Kxd5) 49... Ke5 $15 50. Bd7 $2 {[%mdl 8192]} (50. Kd2 $15 d4 51. Bh3) 50... d4+ 51. Kd2 {[#]} Kd5 $1 {[%cal Rd5c4]} 52. Be8 Kc4 {Black mates.} 53. Bf7+ Kxb4 54. Bg6 Bxg6 {KB-KPP} 55. Ke1 Bh5 56. Kd2 Kc4 57. Ke1 Kc3 58. Kd1 d3 59. Ke1 Bf7 60. Kd1 Bb3+ 61. Kc1 d2+ 62. Kb1 d1=Q# {Accuracy: White = 57%, Black = 67%.} 0-1

[Event "Stay Safe Play From Home 298"]
[Site "Emanuel Lasker Arena"]
[Date "2020.07.13"]
[Round "1"]
[White "Bardellosport"]
[Black "Mepe_Nika"]
[Result "0-1"]
[WhiteElo "2030"]
[BlackElo "2399"]
[Annotator "TA"]
[PlyCount "88"]
[EventDate "2020.07.13"]
[EventType "swiss (blitz)"]

{[%evp 9,88,-3,9,-38,-34,-44,-31,-34,-41,-42,-31,-45,-45,-58,-57,-84,-75,-80,-73,-76,-78,-143,-82,-90,-68,-74,-64,-64,-58,-145,-39,-54,-58,-134,-80,-342,-331,-329,-331,-312,-322,-402,-389,-793,-793,-865,-860,-843,-842,-923,-927,-1121,-1136,-1138,-1081,-1150,-1109,-1300,-1289,-2691,-1868,-29982,-29983,-29982,-29983,-29983,-29984,-29986,-29987,-29987,-29988,-29989,-29987,-29989,-29990,-29990,-29991,-29991,-29992,-29994,-29995]} 1. e4 e5 2. g3 Nf6 3. Bg2 d5 4. exd5 Nxd5 5. Nc3 Nxc3 6. dxc3 {C26: Vienna Game: 2...Nf6, sidelines .} (6. bxc3 {feels hotter.} Nc6 7. Nf3 Bd6 8. O-O O-O 9. d4) 6... Qxd1+ 7. Kxd1 {[#]} Bc5 $146 ({Predecessor:} 7... Nc6 8. Bxc6+ bxc6 9. f4 Bf5 10. Ne2 O-O-O+ 11. Bd2 Bc5 12. Kc1 Bg4 13. Re1 Rhe8 {0-1 (58) Pijloo,T-Kuipers,S Hengelo 2003}) 8. Be3 {Black is slightly better.} Bxe3 9. fxe3 Bg4+ 10. Ke1 c6 11. h3 Bf5 12. Rc1 Nd7 13. Nf3 f6 14. Nh4 Be6 15. Ke2 (15. g4 $142) 15... Ke7 ({Worse is} 15... Bxa2 16. b3 $16) (15... Nb6 $142 16. a4 O-O-O) 16. g4 Rad8 (16... Nc5 {with more complications.} 17. b3 g6 18. e4 Bf7 19. Bf3 b5) 17. Nf5+ Bxf5 18. gxf5 g6 19. Be4 ({Better is} 19. Rcg1 $15) 19... g5 ({Black should try} 19... Nc5 $17 20. Bd3 e4) 20. Rcd1 Nc5 21. Bd3 {[#]} (21. Bf3 $15) 21... b5 ({Black should play} 21... e4 $1 22. Bc4 b5) 22. c4 $2 {[%mdl 8192] White does not recover from this.} (22. e4 $17) 22... e4 $19 23. cxb5 exd3+ 24. cxd3 cxb5 25. d4 Ne4 26. Rc1 $2 (26. Kf3 Nd6 27. e4) 26... Ng3+ {[%mdl 64] [#] Double Attack} 27. Kf3 Nxh1 28. Rxh1 Rc8 29. Re1 Rc2 30. Ke4 Rxb2 31. Rc1 Rd8 32. Rc7+ Rd7 33. Rc6 Rxa2 34. Re6+ Kf7 35. d5 Re7 {Black mates.} 36. Kd4 Rxe6 37. fxe6+ {[%mdl 4096] Endgame KR-KP} Ke7 38. e4 Rc2 39. e5 fxe5+ 40. Kxe5 Re2+ 41. Kf5 Kd6 42. Kf6 b4 43. Kxg5 b3 44. Kf6 b2 {Accuracy: White = 39%, Black = 71%.} 0-1

[Event "Stay Safe Play From Home 298"]
[Site "Emanuel Lasker Arena"]
[Date "2020.07.13"]
[Round "1"]
[White "Souchov"]
[Black "SoulofWolf"]
[Result "0-1"]
[WhiteElo "1986"]
[BlackElo "2225"]
[Annotator "TA"]
[PlyCount "96"]
[EventDate "2020.07.13"]
[EventType "swiss (blitz)"]

{[%evp 9,95,70,127,29,221,114,140,115,207,219,187,200,227,219,160,106,117,66,157,150,152,154,156,22,19,26,83,13,40,20,26,22,52,-101,-100,-89,-86,-87,-79,-99,15,0,14,0,0,-113,-61,-58,40,-259,-232,-351,-368,-704,-712,-29998,-1479,-1543,-1505,-5744,-5122,-2930,-2834,-2752,-2515,-2344,-1945,-29978,-29979,-29976,-2924,-29993,-29994,-29994,-29993,-29993,-29994,-29994,-29994,-29994,-29995,-29996,-29997,-29997,-29998,-29998,-29999,-29999]} 1. e4 d6 2. d4 c5 3. dxc5 Qa5+ 4. Nc3 Qxc5 5. Nf3 a6 (5... Nf6 $14) 6. Bd3 {[#] A43: Schmid Benoni.} ({Better is} 6. Be3 $16 Qa5 7. Qd5) 6... b5 $146 (6... Nf6 $11 {and Black has nothing to worry.}) ({Predecessor:} 6... Nf6 7. h3 Be6 8. Be3 Qc8 9. Nd4 Bd7 10. f4 Nc6 11. Qd2 g6 12. O-O-O Bg7 {1-0 (22) Owen,K (1655)-Mulaga Omondi,G Nairobi 2015}) 7. O-O (7. Be3 $18 Qc6 8. e5) 7... Bb7 8. Be3 {White is clearly better.} Qc7 (8... Qc8 $16) 9. Nd5 $18 Bxd5 10. exd5 Nf6 11. a4 b4 12. Be2 (12. Bd4 $142) 12... Qb7 13. Bc4 (13. Nd4 $16) 13... Nbd7 (13... g6 $1 $14) 14. a5 g6 15. Bd4 Bg7 {[#]} 16. Bb3 (16. Re1 $1 $16) 16... O-O $11 17. Re1 Rfe8 (17... Nc5 $11 {keeps the balance.}) 18. Re2 (18. Ba4 $16) 18... Nc5 19. Bc4 h6 20. Bxc5 (20. Rb1 {is more complex.} Rac8 21. b3 Rc7 22. Re1 Kh7 23. Ba1) 20... dxc5 21. Rb1 $2 (21. Qd3 $14 {keeps the upper hand.}) 21... Rad8 $17 22. Rd2 Ne4 23. Rd3 Nd6 24. b3 g5 (24... Qc7 $17 25. Bxa6 Qxa5) 25. Nd2 Qd7 26. Qe2 Qf5 27. f3 (27. Bxa6 $11 {remains equal.} Ra8 28. Re3) 27... Qg6 (27... Bd4+ $17 28. Kh1 Nxc4 29. Nxc4 Qxd5) 28. Ne4 $15 Nf5 ({Black should play} 28... Nb7 $15) 29. d6 $2 {[%mdl 8192] Black continues to play with concentration.} (29. Nxc5 $14 {stays ahead.} Bd4+ 30. Rxd4 Nxd4 31. Qe4 Qxe4 32. fxe4) 29... Bd4+ ({Less strong is} 29... Nxd6 30. Kh1 $17) 30. Kh1 (30. Rxd4 $142 Nxd4 31. Qd3) 30... exd6 $19 {And now ...d5 would win.} ({Not} 30... Nxd6 31. Rd2 $17) 31. Qf1 $2 (31. g4 Nh4 32. Bd5) 31... d5 {[%mdl 64] [#] Double Attack} 32. Ng3 dxc4 (32... Nxg3+ $142 33. hxg3 Qh5#) 33. Nxf5 cxd3 34. cxd3 Qxf5 35. Rc1 Be5 36. Rd1 Qf4 {[%csl Ge5][%cal Rf4h2]} 37. g3 Qd4 38. Kg2 Bf6 39. Qf2 Re3 40. Qxe3 Qxe3 {Black mates.} 41. Rf1 Qd2+ 42. Rf2 Qxd3 43. Kh3 Re8 44. Kg2 Re2 45. h3 Bd4 46. Rxe2 Qxe2+ 47. Kh1 Qf2 {[%csl Gd4][%cal Rf2g1]} 48. h4 Qg1# {Accuracy: White = 33%, Black = 51%.} 0-1

[Event "Stay Safe Play From Home 298"]
[Site "Emanuel Lasker Arena"]
[Date "2020.07.13"]
[Round "1"]
[White "Sfantul321"]
[Black "Justwatch"]
[Result "1-0"]
[WhiteElo "1974"]
[BlackElo "1599"]
[Annotator "NA RC"]
[PlyCount "41"]
[EventDate "2020.07.13"]
[EventType "swiss (blitz)"]

1. c4 {[%emt 0:00:01]} Nf6 {[%emt 0:00:00]} 2. Nc3 {[%emt 0:00:00]} g6 {[%emt 0:00:00]} 3. g3 {[%emt 0:00:00]} Bg7 {[%emt 0:00:00]} 4. Bg2 {[%emt 0:00:00]} O-O {[%emt 0:00:00]} 5. e3 {[%emt 0:00:00]} d6 {[%emt 0:00:00]} 6. Nge2 {[%emt 0:00:00]} Nc6 {[%emt 0:00:00]} 7. O-O {[%emt 0:00:00]} e5 {[%emt 0:00:00]} 8. h3 {[%emt 0:00:00]} Bd7 {[%emt 0:00:01]} 9. d3 {[%emt 0:00:00]} Qc8 {[%emt 0:00:00]} 10. Kh2 {[%emt 0:00:00]} a6 {[%emt 0:00:00]} 11. Rb1 {[%emt 0:00:01]} Ne7 {[%emt 0:00:01]} 12. b4 {[%emt 0:00:01]} Bc6 {[%emt 0:00:01]} 13. e4 {[%emt 0:00:01]} b6 {[%emt 0:00:01]} 14. f4 {[%emt 0:00:01]} exf4 {[%emt 0:00:01]} 15. Bxf4 {[%emt 0:00:02]} Nh5 {[%emt 0:00:00]} 16. Bg5 {[%emt 0:00:01]} f6 {[%emt 0:00:01]} 17. Be3 {[%emt 0:00:01]} Bh8 {[%emt 0:00:00]} 18. Qd2 {[%emt 0:00:01]} Ng7 {[%emt 0:00:01]} 19. Bh6 {[%emt 0:00:02]} f5 {[%emt 0:00:00]} 20. Nd5 {[%emt 0:00:02]} fxe4 {[%emt 0:00:01]} 21. Nxe7# {[%emt 0:00:01] (Lag: Av=0.41s, max=0.7s)} 1-0

[Event "Stay Safe Play From Home 298"]
[Site "Emanuel Lasker Arena"]
[Date "2020.07.13"]
[Round "1"]
[White "Chase the sun"]
[Black "Lamborghini"]
[Result "0-1"]
[WhiteElo "1826"]
[BlackElo "2193"]
[Annotator "TA"]
[PlyCount "98"]
[EventDate "2020.07.13"]
[EventType "swiss (blitz)"]

{[%evp 9,98,-13,-16,-16,-15,-16,-7,-16,0,-14,0,-31,-6,-39,-17,-15,-8,-19,-16,-29,-4,-46,-52,-39,10,11,0,-635,-634,-718,-702,-1043,-1029,-1225,-1215,-1414,-1377,-1388,-1361,-1807,-1811,-1782,-1735,-1778,-1736,-1627,-1395,-1778,-1768,-1735,-1738,-3252,-3252,-29989,-29990,-29990,-29991,-29995,-29989,-29989,-29990,-29990,-29991,-29991,-29992,-29992,-29993,-29992,-29991,-29992,-29993,-29993,-29990,-29991,-29992,-29992,-29993,-29993,-29993,-29994,-29994,-29995,-29994,-29994,-29994,-29994,-29995,-29995,-29995,-29995,-29995]} 1. e4 c5 2. Nc3 d6 3. f4 e6 4. Nf3 a6 5. Bc4 b5 6. Be2 {B23: Closed Sicilian: Lines without g3.} Bb7 7. d3 Nf6 8. O-O {The position is equal.} Be7 {[#]} 9. Qe1 $146 ({Predecessor:} 9. h3 Nbd7 10. Be3 Nb6 11. a3 d5 12. e5 Nfd7 13. d4 Qc7 14. Qe1 cxd4 15. Nxd4 {½-½ (69) Grinenko,K-Usenov,S Bishkek 2006}) 9... O-O 10. h3 Nbd7 11. g4 b4 12. Nd1 Ne8 13. g5 $1 Nc7 14. Qg3 Nb5 15. f5 exf5 16. exf5 Re8 17. f6 Bf8 $36 {[%mdl 2048] Black has some pressure.} 18. Nh4 $2 {[%mdl 8192]} (18. Ne3 $11) 18... Rxe2 $19 19. Ne3 g6 20. Nef5 gxf5 21. Nxf5 Ne5 22. Nh6+ Bxh6 23. gxh6+ Ng6 24. Bf4 Rg2+ 25. Qxg2 Bxg2 26. Kxg2 Qxf6 {[%mdl 64] [#] Double Attack} 27. Bg3 Qe6 28. Rae1 Qd5+ 29. Kh2 Nd4 30. c3 bxc3 31. bxc3 Nf3+ {[%mdl 64] Discovered Attack. Black mates.} 32. Rxf3 Qxf3 33. Rf1 Qe2+ 34. Rf2 Qxd3 35. Rg2 Re8 36. h4 Re2 37. h5 Rxg2+ 38. Kxg2 Qd5+ 39. Kh3 Qxh5+ 40. Kg2 Qxh6 41. Bxd6 {[#]} Qd2+ $1 42. Kf3 Qxd6 43. Ke3 Qc6 44. a4 f5 45. a5 Qb5 46. c4 Qxa5 47. Kd3 Qb4 48. Ke3 Qxc4 49. Kf3 Qd4 {Accuracy: White = 48%, Black = 76%.} 0-1

[Event "Stay Safe Play From Home 298"]
[Site "Emanuel Lasker Arena"]
[Date "2020.07.13"]
[Round "1"]
[White "Patzeroglu"]
[Black "Broken sword"]
[Result "0-1"]
[WhiteElo "1807"]
[BlackElo "2412"]
[Annotator "TA"]
[PlyCount "66"]
[EventDate "2020.07.13"]
[EventType "swiss (blitz)"]

{[%evp 9,66,-4,26,10,24,9,5,16,40,0,74,47,63,0,0,-14,29,5,43,-13,-7,-14,37,36,28,14,14,0,0,0,0,0,0,-12,0,0,8,-7,0,0,30,-103,-104,-103,-111,-779,-758,-1288,-1240,-29987,-29988,-29985,-29986,-29989,-29990,-29995,-29996,-29996,-29991]} 1. e4 c5 2. Nf3 e6 3. d4 cxd4 4. Nxd4 a6 5. Be3 Qc7 6. Nd2 {B41: Sicilian: Kan Variation: 5 c4.} d6 7. f4 Nf6 8. Bd3 {The position is equal.} b5 9. O-O Bb7 (9... e5 $11) 10. a4 bxa4 $1 {[#]} 11. Kh1 $146 (11. Rxa4 $14 Be7 12. Qf3) ({Predecessor:} 11. Rxa4 Be7 12. h3 O-O 13. N4b3 Bc6 14. Ra5 e5 15. fxe5 dxe5 16. Qe2 Bb7 17. Nc4 {0-1 (36) Leyva Proenza,R (2415)-Vazquez Igarza,R (2429) Varadero 2000}) 11... Nbd7 $11 12. Rxa4 Be7 (12... Nc5 $5 {[%cal Rc5a4]} 13. Ra2 Be7 $11) 13. Qf3 O-O (13... Nc5 $5 {[%cal Rc5a4]} 14. Raa1 O-O $11) 14. Rfa1 ({White should try} 14. Rc4 $14 Qb8 15. Nc6 Bxc6 16. Rxc6) 14... Nc5 15. R4a2 d5 (15... Qd7 $11) 16. e5 $14 Nfe4 17. Bxe4 Nxe4 18. Nxe4 (18. Qe2 {seems wilder.} Rab8 19. c3 Rfc8 20. Kg1 Qd7 21. N2b3) 18... dxe4 19. Qe2 Bc5 20. c3 Rfd8 21. h4 Qe7 22. g3 g6 23. Kh2 Rac8 24. h5 Kg7 25. Rxa6 (25. Ra5 $11) 25... Bxa6 $17 26. Rxa6 Qb7 27. Rxe6 $2 {[%mdl 8192] Loses the game.} (27. h6+ $17 Kg8 28. g4) 27... Bxd4 $19 28. Rf6 Bxe3 {[%mdl 64] [#] Overworked Piece} 29. Qxe3 Qxb2+ {[%mdl 64] Double Attack. Black mates.} 30. Kh3 Qb1 31. h6+ Kg8 32. f5 Qh1+ 33. Kg4 Qd1+ {Accuracy: White = 54%, Black = 71%.} 0-1

[Event "Stay Safe Play From Home 298"]
[Site "Emanuel Lasker Arena"]
[Date "2020.07.13"]
[Round "2"]
[White "AChessPlayer"]
[Black "Sfantul321"]
[Result "0-1"]
[WhiteElo "2440"]
[BlackElo "1978"]
[Annotator "NA RC"]
[PlyCount "84"]
[EventDate "2020.07.13"]
[EventType "swiss (blitz)"]

1. e4 {[%emt 0:00:01]} g6 {[%emt 0:00:00]} 2. d4 {[%emt 0:00:02]} Bg7 {[%emt 0:00:00]} 3. Nf3 {[%emt 0:00:02]} d6 {[%emt 0:00:00]} 4. c3 {[%emt 0:00:01]} Nf6 {[%emt 0:00:01]} 5. Bd3 {[%emt 0:00:01]} Bg4 {[%emt 0:00:01]} 6. Nbd2 {[%emt 0:00:03]} O-O {[%emt 0:00:01]} 7. O-O {[%emt 0:00:00]} Nc6 {[%emt 0:00:01]} 8. Re1 {[%emt 0:00:02]} e5 {[%emt 0:00:01]} 9. d5 {[%emt 0:00:02]} Ne7 {[%emt 0:00:01]} 10. Bf1 {[%emt 0:00:01]} Bxf3 {[%emt 0:00:01]} 11. Qxf3 {[%emt 0:00:01]} Nd7 {[%emt 0:00:00]} 12. c4 {[%emt 0:00:01]} f5 {[%emt 0:00:01]} 13. exf5 {[%emt 0:00:02]} g5 {[%emt 0:00:01]} 14. g4 {[%emt 0:00:02]} h5 {[%emt 0:00:02]} 15. h3 {[%emt 0:00:01]} Nf6 {[%emt 0:00:01]} 16. Ne4 {[%emt 0:00:01]} Nxe4 {[%emt 0:00:01]} 17. Qxe4 {[%emt 0:00:01]} Bh6 {[%emt 0:00:01]} 18. Be3 {[%emt 0:00:02]} hxg4 {[%emt 0:00:01]} 19. hxg4 {[%emt 0:00:01]} Kg7 {[%emt 0:00:01]} 20. Bd3 {[%emt 0:00:01]} Rh8 {[%emt 0:00:03]} 21. f6+ {[%emt 0:00:02]} Kxf6 {[%emt 0:00:01]} 22. Qg6+ {[%emt 0:00:01]} Nxg6 {[%emt 0:00:01]} 23. Kg2 {[%emt 0:00:01]} Nf4+ {[%emt 0:00:01]} 24. Bxf4 {[%emt 0:00:01]} gxf4 {[%emt 0:00:01]} 25. Bf5 {[%emt 0:00:01]} Qg8 {[%emt 0:00:01]} 26. Rg1 {[%emt 0:00:01]} Qg5 {[%emt 0:00:02]} 27. Rh1 {[%emt 0:00:01]} e4 {[%emt 0:00:02]} 28. Rh5 {[%emt 0:00:02]} f3+ {[%emt 0:00:02]} 29. Kf1 {[%emt 0:00:03]} Qd2 {[%emt 0:00:02]} 30. Re1 {[%emt 0:00:01]} Rae8 {[%emt 0:00:02]} 31. Rh3 {[%emt 0:00:02]} Qd3+ {[%emt 0:00:01]} 32. Kg1 {[%emt 0:00:03]} Qxc4 {[%emt 0:00:01]} 33. b3 {[%emt 0:00:04]} Qxd5 {[%emt 0:00:01]} 34. Rf1 {[%emt 0:00:01]} Bf4 {[%emt 0:00:02]} 35. Rxh8 {[%emt 0:00:01]} Rxh8 {[%emt 0:00:01]} 36. b4 {[%emt 0:00:01]} Qd3 {[%emt 0:00:02]} 37. b5 {[%emt 0:00:00]} Qxb5 {[%emt 0:00:01]} 38. a4 {[%emt 0:00:01]} Qe2 {[%emt 0:00:01]} 39. a5 {[%emt 0:00:01]} e3 {[%emt 0:00:01]} 40. a6 {[%emt 0:00:00]} exf2+ {[%emt 0:00:01]} 41. Rxf2 {[%emt 0:00:00]} Be3 {[%emt 0:00:01]} 42. g5+ {[%emt 0:00:01]} Kxf5 {[%emt 0:00:01] AChessPlayer resigns (Lag: Av=0.36s, max=0.8s)} 0-1